| 000 | 00708nam a2200229 a 4500 | ||
|---|---|---|---|
| 999 |
_c2072 _d2072 |
||
| 001 | 2072 | ||
| 003 | BD-JhCC | ||
| 005 | 20220825134021.0 | ||
| 008 | 171029s2008 bg |||| |||| 000 0 ben d | ||
| 020 | _a9847016900099 | ||
| 035 | _a(BD-JhCC)2072 | ||
| 040 |
_aBD-JhCC _dBD-JhCC |
||
| 041 | _aben | ||
| 082 |
_a891.4435 _bBAS 2008 |
||
| 100 | _aবশীর, মুর্তজা | ||
| 245 |
_aগল্পসমগ্র / _c মুর্তজা বশীর |
||
| 260 |
_aঢাকা : _bঅ্যাডর্ন পাবলিকেশন, _c২০০৮. |
||
| 300 |
_a১৮৪ পৃ. : _c২১ সেমি. |
||
| 650 | _aCollection of short stories | ||
| 942 |
_2ddc _cBK _01 |
||